000 00723nam a2200217Ia 4500
001 15187
003 GE_BSU
008 181216s||||||||xx |||||||||||||| ||und||
040 _cGE_BSU
080 _a821.353.1-1
100 _aშალამბერიძე, ოთარ
245 _aჩემი ოცნების თანამგზავრი
245 _bლექსები
245 _cრედ:გრ.აბაშიძე;მხატვ:ირ.ჯანაშვილი
260 _aთბილისი.
260 _bლიტერატურა და ხელოვნება
260 _c1963
300 _a90გვ;17სმ.
653 _aლექსები
942 _cBK
999 _c48300
_d48300